Loading...
| Beliefs | 11 | 20.91 | 2,473% | 236% | 436% |
| Current Events | 4 | 25.00 | 3,100% | 550% | 300% |
| Fine Arts - Auditory | 5 | 18.00 | 1,040% | 320% | 440% |
| Fine Arts - Other Arts | 1 | 30.00 | 3,600% | 600% | 600% |
| Fine Arts - Visual | 8 | 23.75 | 1,850% | 450% | 450% |
| Geography | 1 | 30.00 | 3,600% | 600% | 600% |
| History - American | 8 | 16.25 | 1,800% | 325% | 300% |
| History - European | 7 | 25.71 | 2,857% | 257% | 514% |
| History - World | 4 | 15.00 | 1,800% | 450% | 150% |
| Literature - American | 5 | 18.00 | 1,440% | 440% | 360% |
| Literature - British | 8 | 16.25 | 2,000% | 275% | 275% |
| Literature - European | 8 | 20.00 | 2,050% | 100% | 525% |
| Literature - World | 1 | 20.00 | 0% | 600% | 600% |
| Other Academic | 1 | 20.00 | 0% | 600% | 600% |
| Other Arts: Auditory | 2 | 25.00 | 3,600% | 300% | 600% |
| Other Arts: Visual | 3 | 20.00 | 1,200% | 333% | 533% |
| Other Science: Astronomy | 1 | 20.00 | 3,600% | 600% | 0% |
| Other Science: Computer Science | 1 | 10.00 | 0% | 0% | 600% |
| Other Science: Earth Science | 3 | 16.67 | 2,400% | 267% | 67% |
| Other Science: Math | 1 | 30.00 | 3,600% | 600% | 600% |
| Philosophy | 9 | 20.00 | 2,622% | 311% | 289% |
| Science - Biology | 6 | 18.33 | 1,867% | 167% | 400% |
| Science - Chemistry | 7 | 21.43 | 2,057% | 371% | 514% |
| Science - Physics | 3 | 16.67 | 3,600% | 200% | 200% |
| Social Science | 5 | 22.00 | 2,160% | 480% | 480% |
| 11 | 22.73 | 2,182% | 382% | 400% |